000 00496nam a2200169Ia 4500
999 _c13379
_d13379
003 OSt
005 20201023130550.0
008 190216s9999||||xx |||||||||||||| ||und||
040 _coclc
082 _a940.5421
_bHIT/I
100 _aHitler, Adolf
_93551
245 0 _aIs Paris Burning /
_cAdolf Hitler
260 _bPocket Books Publishers,
_c1967.
_aNew York:
300 _a144p
650 _aNovel&Amp;Short Stories
942 _cBK
_2ddc
_h940.5421
_iHIT/I
_k940.5421
_mHIT/I